|
|
|
|
| LEADER |
00000cam a2200000 i 4500 |
| 001 |
1/47134 |
| 008 |
040121s2002 fre d |
| 020 |
|
|
|a 2-912404-60-6
|
| 035 |
|
|
|l 10072024
|
| 040 |
|
|
|a GR-MY-UA
|b gre
|e aacr
|
| 041 |
0 |
|
|a fre
|
| 082 |
0 |
|
|a 809.89282
|
| 245 |
1 |
0 |
|a Histoire, memoire et paysage :
|b actes du colloque d'Eaubonne, Institut International Charles Perrault /
|c sous la direction de Jean Perrot ; ouvrage coordonne par Patricia Pochard
|
| 260 |
|
|
|a Paris :
|b In Press,
|c 2002
|
| 300 |
|
|
|a 251 p.
|
| 650 |
0 |
0 |
|a Children's literature
|x History and criticism.
|
| 650 |
0 |
0 |
|a Children
|x Books and reading.
|
| 700 |
1 |
|
|a Perrot, Jean,
|d 1937-
|4 drt
|
| 852 |
|
|
|a INST
|b RHODES
|e 20040511
|h 809.89282 HIS
|p 005400019157
|q 005400019157
|t BK
|y 0
|
| 852 |
|
|
|a INST
|b RHODES
|e 20040121
|h 809.89282 HIS
|p 005400026725
|q 005400026725
|t BK
|y 0
|
| 901 |
|
|
|a BIBL4-2004-1
|
| 909 |
|
|
|a Ρ
|b 108184
|
| 909 |
|
|
|a Ρ
|b 109360
|
| 922 |
|
|
|a 4ΕΛΗ
|b 200312
|c ΕΠΕΑΕΚ2/ΤΕΠΑΕΣ
|d ΜΙΧΑΛΟΠΟΥΛΟΣ
|
| 950 |
|
|
|a 096-2003-06-24
|
| 970 |
|
|
|a ΚΟΥΛΑΚΙΟΤΗ
|b ΛΙΤΣΑ
|z 2004/02/04
|